000 00710nam a2200265Ia 4500
008 170203s9999 xx 000 0 und d
020 _a0-688069509
050 _aFic
050 _bD917n
100 _aDunham, Meredith.
245 _aNumbers :
245 _bhow do you say it?
245 _cby Meredith Dunham.
260 _aNew York :
260 _bLothrop, Lee & Shepard Books,
260 _c1987
300 _a24 unnumbered pages :
300 _bchiefly color illustrations ;
300 _c21 cm
500 _aEnglish, French, Italian, and Spanish.
650 _aCounting --
650 _aCounting.
650 _aPicture dictionaries, Polyglot.
650 _xJuvenile literature.
999 _c306604
_d306604